000
00335 a2200157 4500
001
192557
020
_a
978-85-7398-731-7
040
_c
Magnum
100
_a
Beli, Roberto
240
1
0
_a
Riki está mentindo
_l
por
245
1
0
_a
Riki está mentindo
300
_a
18
362
0
_a
2012
697
_a
LITERATURA INFANTIL
942
_c
BK
999
_c
192557
_d
192557